| 000 | 00512nam a22001577a 4500 | ||
|---|---|---|---|
| 003 | macl | ||
| 005 | 20240512132628.0 | ||
| 008 | 240512b |||||||| |||| 00| 0 eng d | ||
| 040 | _cmacl | ||
| 082 | _a333 | ||
| 100 |
_aचतुर्वेदी, संगीता _982367 |
||
| 245 | _aवैकल्पिक ऊर्जा के स्त्रोत | ||
| 260 |
_aभोपाल _bआईसेक्ट पब्लिकेशन _c2022 |
||
| 650 |
_aऊर्जा _982368 |
||
| 942 |
_2ddc _cHIN |
||
| 999 |
_c66838 _d66838 |
||